All cities above 25k in Illinois with a map - Statistics

General Stats
  • This quiz has been taken 87 times
  • The average score is 47 of 89
Answers on the Map
Answers color-coded by a green-red scale on the quiz's map according to % correct below.
 
Answer Stats
City Population % Correct
Chicago 2,746,388
100%
Springfield 114,394
100%
Aurora 180,542
94%
Champaign 88,302
94%
Joliet 150,362
94%
Naperville 149,540
94%
Peoria 113,150
94%
Waukegan 89,321
91%
Decatur 70,522
88%
Elgin 114,797
88%
Normal 52,736
88%
Rockford 148,655
88%
Bloomington 78,680
85%
Evanston 78,110
85%
Schaumburg 78,723
85%
Skokie 67,824
85%
Urbana 38,336
85%
Arlington Heights 77,676
82%
Des Plaines 60,675
82%
Oak Park 54,583
82%
Bolingbrook 73,922
79%
Cicero 85,268
79%
Moline 42,985
79%
Oak Lawn 58,362
76%
Orland Park 58,703
76%
Palatine 67,908
73%
Wheaton 53,970
70%
Downers Grove 50,247
67%
Quincy 39,463
67%
Rock Island 37,108
67%
Tinley Park 55,971
67%
Belleville 42,404
64%
Berwyn 57,250
64%
Danville 29,204
64%
Hoffman Estates 52,530
64%
DeKalb 40,290
61%
Mount Prospect 56,852
58%
North Chicago 30,759
55%
Calumet City 36,033
52%
Elmhurst 45,786
52%
Chicago Heights 27,480
48%
West Chicago 25,614
48%
Glenview 48,705
45%
Granite City 27,549
45%
O'Fallon 32,289
45%
Alton 25,676
42%
Buffalo Grove 43,212
42%
Carol Stream 39,854
42%
Lombard 44,476
42%
Plainfield 44,762
42%
Romeoville 39,863
42%
Addison 35,702
39%
Crystal Lake 40,269
39%
Edwardsville 26,808
39%
Niles 30,912
39%
Wheeling 39,137
39%
Wilmette 28,170
39%
Carpentersville 37,983
36%
Elk Grove Village 32,812
36%
Highland Park 30,176
36%
Northbrook 35,222
36%
Oswego 34,585
36%
Oak Forest 27,478
33%
Pekin 31,731
33%
Belvidere 25,339
30%
Galesburg 30,052
30%
Lake in the Hills 28,982
30%
St. Charles 33,081
30%
Bartlett 41,105
27%
Gurnee 30,706
27%
Lockport 26,094
27%
McHenry 27,135
27%
Streamwood 39,577
27%
Batavia 26,098
24%
Glendale Heights 33,176
24%
Glen Ellyn 28,846
24%
Hanover Park 37,470
24%
Mundelein 31,560
24%
New Lenox 27,214
24%
Park Ridge 39,656
24%
Algonquin 29,700
21%
Lansing 29,076
21%
Morton Grove 25,297
21%
Woodstock 25,630
21%
Round Lake Beach 27,252
18%
Woodridge 34,158
18%
Huntley 27,740
12%
Vernon Hills 26,850
12%
Burbank 29,439
9%
No matching quizzes found
Score Distribution
Percent of People with Each Score
Percentile by Number Answered
Your Score History
You have not taken this quiz